LDR 00995naa#a2200181#i#450# 001 RU\\bibl\121202 005 20260513051355.3 011 ## _a2409-1073 100 ## _a20141121b2014####ek#y0rusy0150####ca 101 0# _aRUS 102 ## _aRU 200 1# _aВласть и общество: Вольное экономическое общество и либеральное движение в России в конце XIX в _eЖурнальная статья 210 1# _aМосква _cФедеральное государственное автономное образовательное учреждение высшего образования Национальный исследовательский университет "Московский институт электронной техники" _d2014 215 ## _a9 с. 608 ## _aЖурнальная статья _2local 675 ## _a. 9.93 _zRUS 700 #1 _aГриценко _gНаталия Федоровна 856 4# _aesgi-journal.ru _u